Statystyki dla Gminy w województwie świętokrzyskim

Kliknij tutaj aby rozwiązać quiz!

Ogólne statystyki

  • Ten quiz został rozwiązany 79 razy
  • Średni wynik to 40 z 102

Odpowiedzi na mapie

Odpowiedzi skodowane kolorowo w zielono-czerwonej skali na mapie do tego quizu, zgodnie z poniższymi procentami.
 

Statystyki odpowiedzi

gmina% Poprawnych
Kielce
98%
Sandomierz
93%
Busko-Zdrój
90%
Pińczów
88%
Włoszczowa
86%
Jędrzejów
83%
Końskie
81%
Opatów
81%
Ostrowiec Świętokrzyski
81%
Skarżysko-Kamienna
81%
Kazimierza Wielka
79%
Starachowice
79%
Staszów
79%
Chęciny
74%
Morawica
64%
Chmielnik
62%
Opatowiec
57%
Suchedniów
57%
Łagów
55%
Bodzentyn
52%
Nowa Słupia
52%
Ćmielów
50%
Daleszyce
50%
Małogoszcz
50%
Ożarów
50%
Pacanów
50%
Połaniec
50%
Sędziszów
50%
Bałtów
48%
Nowy Korczyn
48%
Zawichost
48%
Wąchock
45%
Wiślica
45%
Osiek
43%
Skalbmierz
43%
Stąporków
43%
Zagnańsk
43%
Kunów
40%
Miedziana Góra
40%
Kije
38%
Piekoszów
38%
Skarżysko Kościelne
38%
Solec-Zdrój
38%
Szydłów
38%
Wodzisław
38%
Łopuszno
36%
Masłów
36%
Stopnica
36%
Bieliny
33%
Dwikozy
33%
Działoszyce
33%
Górno
33%
Iwaniska
33%
Klimontów
33%
Koprzywnica
33%
Oleśnica
31%
Sitkówka-Nowiny
31%
Mniów
29%
Pawłów
29%
Radoszyce
29%
Raków
29%
Bejsce
26%
Łączna
26%
Mirzec
26%
Nagłowice
26%
Samborzec
26%
Słupia
26%
Strawczyn
26%
Bliżyn
24%
Bogoria
24%
Brody
24%
Fałków
24%
Oksa
24%
Baćkowice
21%
Gnojno
21%
Gowarczów
21%
Kluczewsko
21%
Łoniów
21%
Michałów
21%
Obrazów
21%
Ruda Maleniecka
21%
Słupia (Konecka)
21%
Tuczępy
21%
Złota
21%
Bodzechów
19%
Krasocin
19%
Pierzchnica
19%
Radków
19%
Rytwiany
19%
Secemin
19%
Sobków
19%
Tarłów
19%
Waśniów
19%
Czarnocin
17%
Lipnik
17%
Łubnice
17%
Moskorzew
17%
Smyków
17%
Wojciechowice
17%
Sadowie
14%
Wilczyce
14%
Imielno
12%

Rozkład punktacji

Percentyl według liczby udzielonych odpowiedzi

Procent ludzi z każdym wynikiem

Twoja historia wyników

Nie rozwiązałeś tego quizu